Succession des assises tertiaires inférieures sur le pourtour de la protubérance crétacée de Saint-Sever. (Record no. 163430)

MARC details
000 -LEADER
campo de control de longitud fija 00894nam a22002055i 4500
001 - NÚMERO DE CONTROL
campo de control 163430
003 - IDENTIFICADOR DE NÚMERO DE CONTROL
campo de control ES-MaACL
005 - FECHA Y HORA DE LA ÚLTIMA TRANSACCIÓN
campo de control 20250815110842.0
008 - DATOS DE LONGITUD FIJA--INFORMACIÓN GENERAL
campo de control de longitud fija 050727s1894 fr | |||||||| ||fre d
040 ## - FUENTE DE CATALOGACIÓN
Centro catalogador/agencia de origen CAM
Lengua de catalogación spa
Centro/agencia transcriptor CAM
100 1# - ENTRADA PRINCIPAL--NOMBRE DE PERSONA
Nombre de persona Reyt, L.
9 (RLIN) 131763
245 10 - MENCIÓN DEL TÍTULO
Título Succession des assises tertiaires inférieures sur le pourtour de la protubérance crétacée de Saint-Sever.
260 ## - PUBLICACIÓN, DISTRIBUCIÓN, ETC.
Lugar de publicación, distribución, etc. Paris :
Nombre del editor, distribuidor, etc. Gauthier-Villars, Imprimeurs-libriares des Comptes Rendus des Séances de L'academie des Sciences,
Fecha de publicación, distribución, etc. [1894?]
300 ## - DESCRIPCIÓN FÍSICA
Extensión 3 p. ;
Dimensiones 28 cm.
500 ## - NOTA GENERAL
Nota general Datos tomados de la primera p. de texto y colofón.
596 ## - NOTA AL PIE DE IMPRENTA
NOTA AL PIE DE IMPRENTA texto fechado en 10 décembre 1894.
650 #7 - PUNTO DE ACCESO ADICIONAL DE MATERIA--TÉRMINO DE MATERIA
Término de materia o nombre geográfico como elemento de entrada Geología
Fuente del encabezamiento o término embne
9 (RLIN) 13086
852 ## - LOCALIZACIÓN
Ubicación ES-MaACL
Número de control de estantería T-898-F-10
Nota libre -- Enc. hol., falto de la cub. original
-- -- Enc. en un vol. facticio
-- .- Legado de Federico de Botella y de Hornos
Holdings
Estatus retirado Estado de pérdida Estado de daño No para préstamo Colección Biblioteca de origen Biblioteca actual Ubicación en estantería Fecha de adquisición Total de préstamos Signatura topográfica completa Código de barras Visto por última vez Precio de reemplazo Tipo de ítem Koha
        Colección de folletos Biblioteca del Ateneo de Madrid Biblioteca del Ateneo de Madrid Depósito folletos 17/01/2008   T-898-F-10 1171259 23/02/2023 23/02/2023 Folleto